Teorie a praxe hospodářské logistiky oběhu v podmínkách tržní ekonomiky. 1.
Hospodárska logistika je dnes vo vyspelých priemyselných krajinách všeobecne prijatým pojmom, ktorý odpovedá komplexnej racionalizácii materiálových tokov a s tým súvisiacich obslužných procesov. Popis logistických systémov. Ich členenie z podnikového hľadiska a charakteristika subsystémov.
Salvato in:
| Autore principale: | |
|---|---|
| Altri autori: | |
| Natura: | Capitolo di libro |
| Lingua: | ceco |
| Soggetti: | |
| Tags: |
Nessun Tag, puoi essere il primo ad aggiungerne!!
|
MARC
| LEADER | 00000naa a2200000 4500 | ||
|---|---|---|---|
| 001 | r002091 | ||
| 005 | 20221125080717.2 | ||
| 041 | 0 | |a cze | |
| 044 | |a [CS] | ||
| 245 | 1 | 0 | |a Teorie a praxe hospodářské logistiky oběhu v podmínkách tržní ekonomiky. 1. |c J. Hubálek, F. Čabelka |
| 520 | |a Hospodárska logistika je dnes vo vyspelých priemyselných krajinách všeobecne prijatým pojmom, ktorý odpovedá komplexnej racionalizácii materiálových tokov a s tým súvisiacich obslužných procesov. Popis logistických systémov. Ich členenie z podnikového hľadiska a charakteristika subsystémov. | ||
| 610 | 2 | 0 | |a logistika |
| 610 | 2 | 0 | |a hospodárstvo trhové |
| 610 | 2 | 0 | |a obeh |
| 610 | 2 | 0 | |a tok materiálu |
| 610 | 2 | 0 | |a zásobovanie materiálno-technické |
| 610 | 2 | 0 | |a výroba |
| 610 | 2 | 0 | |a odbyt |
| 610 | 2 | 0 | |a analýza systémová |
| 100 | 1 | |a Hubálek, J. | |
| 700 | 1 | |a Čabelka, F. | |